000 00416 a2200121 4500
001 ART_21186
005 20260410161914.0
008 260409a
245 1 0 _aVariance-minimizing monetary policies with lagged price adjustment and rational expectations
100 1 _aGreen, Jerry R.
700 1 _aHonkapohja, Seppo
773 0 _tEuropean economic review
_g- Vol. 20, NÂș1/3 (ene. 1983)
_wREV13346
999 _c27062
_d27062